ბათუმის შოთა რუსთაველის სახელმწიფო უნივერსიტეტის ბიბლიოთეკა

გაიღიმეთ, სიკეთე მოდის!.. ანუ ჩვენთან,ლანჩხუთში (ბიბ.ჩანაწერი № 50669)

000 -LEADER
fixed length control field 00876nam a2200241Ia 4500
001 - CONTROL NUMBER
control field 17620
003 - CONTROL NUMBER IDENTIFIER
control field GE_BSU
008 - FIXED-LENGTH DATA ELEMENTS--GENERAL INFORMATION
fixed length control field 181216s||||||||xx |||||||||||||| ||und||
020 ## - INTERNATIONAL STANDARD BOOK NUMBER
International Standard Book Number ISBN 99928-74-0
040 ## - CATALOGING SOURCE
Transcribing agency GE_BSU
080 ## - UNIVERSAL DECIMAL CLASSIFICATION NUMBER
Universal Decimal Classification number 821.353.1-94
100 ## - MAIN ENTRY--PERSONAL NAME
Personal name გიგინეიშვილი,ნონა
245 ## - TITLE STATEMENT
Title გაიღიმეთ, სიკეთე მოდის!.. ანუ ჩვენთან,ლანჩხუთში
245 ## - TITLE STATEMENT
Remainder of title ვუძღვნი დედის, მარგალიტა კომახიძის ხსოვნას
245 ## - TITLE STATEMENT
Statement of responsibility, etc. რედ.:თამარ დოლიძე
260 ## - PUBLICATION, DISTRIBUTION, ETC.
Place of publication, distribution, etc. თბილისი
260 ## - PUBLICATION, DISTRIBUTION, ETC.
Name of publisher, distributor, etc. მერიდიანი
260 ## - PUBLICATION, DISTRIBUTION, ETC.
Date of publication, distribution, etc. 1998
300 ## - PHYSICAL DESCRIPTION
Extent 223გვ.;20სმ
300 ## - PHYSICAL DESCRIPTION
Accompanying material ფოტოები
653 ## - INDEX TERM--UNCONTROLLED
Uncontrolled term ბიოგრაფიები
942 ## - ADDED ENTRY ELEMENTS (KOHA)
Koha item type წიგნი
ეგზემპლარები
Withdrawn status Lost status Damaged status Not for loan Date acquired Barcode Date last seen Price effective from Koha item type
        2018-12-17 22182 2018-12-17 2018-12-17 წიგნი
        2018-12-17 22183 2018-12-17 2018-12-17 წიგნი
        2018-12-17 22181 2018-12-17 2018-12-17 წიგნი